Hope or dispair? : learning in Pakistan's primary schools
Αποθηκεύτηκε σε:
| Κύριος συγγραφέας: | |
|---|---|
| Άλλοι συγγραφείς: | |
| Μορφή: | Βιβλίο |
| Γλώσσα: | English |
| Δημοσίευση: |
Westport, Connecticut :
Praeger,
1995
|
| Θέματα: | |
| Ετικέτες: |
Προσθήκη ετικέτας
Δεν υπάρχουν, Καταχωρήστε ετικέτα πρώτοι!
|
MARC
| LEADER | 00000nam a2200000 i 4500 | ||
|---|---|---|---|
| 001 | 1/95488 | ||
| 008 | 991207s1995 eng d | ||
| 020 | |a 0-275-95348-3 | ||
| 035 | |l 10055339 | ||
| 040 | |a GR-MY-UA |b gre |e aacr | ||
| 041 | 0 | |a eng | |
| 082 | 0 | |a 372.95491 | |
| 100 | 1 | |a Warwick, Donald P. | |
| 245 | 1 | 0 | |a Hope or dispair? : |b learning in Pakistan's primary schools / |c Donald P. Warwick, Fernando Reimers |
| 260 | |a Westport, Connecticut : |b Praeger, |c 1995 | ||
| 300 | |a 174 p. | ||
| 650 | 0 | 0 | |a Education, Elementary |z Pakistan. |
| 650 | 0 | 0 | |a Education, Elementary |z Pakistan |x Social aspects. |
| 650 | 0 | 0 | |a School management and organization |z Pakistan. |
| 651 | 0 | |a Pakistan |x Social conditions. | |
| 700 | 1 | |a Reimers, Fernando. | |
| 852 | |a INST |b RHODES |e 19991207 |h 372.95491 WAR |p 005400012580 |q 005400012580 |t BK |y 0 | ||
| 901 | |a BIBL4-1999-3 | ||
| 909 | |a Ρ |b 069201 | ||
| 922 | |a 4ΕΛΗ |b 199909 |c ΚΠΣ/154 |d GLORY BOOKS | ||
| 970 | |a ΚΟΥΛΑΚΙΟΤΗ |b ΛΙΤΣΑ |z 1999/12/07 | ||